UM Logo

Gulayan sa paaralang elementarya ng banaybanay / (Record no. 21359)

MARC details
000 -LEADER
fixed length control field 00472nam a22001217a 4500
008 - FIXED-LENGTH DATA ELEMENTS--GENERAL INFORMATION
fixed length control field 240906b ||||| |||| 00| 0 eng d
100 ## - MAIN ENTRY--PERSONAL NAME
Personal name Pesigan-Ani, Fariza Nera.
Relator term author.
9 (RLIN) 60274
245 ## - TITLE STATEMENT
Title Gulayan sa paaralang elementarya ng banaybanay /
Statement of responsibility, etc. Fariza Nera Pesigan-Ani.
260 ## - PUBLICATION, DISTRIBUTION, ETC. (IMPRINT)
Place of publication, distribution, etc. Philippines;
Name of publisher, distributor, etc. Publishers Association of the Philippines, Inc.,
Date of publication, distribution, etc. July 2019.
300 ## - PHYSICAL DESCRIPTION
Extent Volume 168, pages 73.
700 ## - ADDED ENTRY--PERSONAL NAME
Personal name Pesigan-Ani, Fariza Nera.
Relator term author.
9 (RLIN) 60274
942 ## - ADDED ENTRY ELEMENTS (KOHA)
Source of classification or shelving scheme Dewey Decimal Classification
Koha item type Periodicals
Holdings
Withdrawn status Lost status Source of classification or shelving scheme Damaged status Not for loan Collection code Home library Current library Date acquired Total Checkouts Date last seen Price effective from Koha item type Public note
    Dewey Decimal Classification     Periodicals UM Digos College - LIC UM Digos College - LIC 09/06/2024   09/06/2024 09/06/2024 Periodicals Periodical Article.
    Dewey Decimal Classification     Periodicals UM Digos College - LIC UM Digos College - LIC 09/06/2024   09/06/2024 09/06/2024 Periodicals Periodical Article